Croatia in the Eurovision - Statistics

General Stats
  • This quiz has been taken 134 times
    56 since last reset
  • The average score is 15 of 29
Answer Stats
Year Artist Song % Correct
2023 Let 3 Mama ŠČ!
90%
2006 Severina Moja štikla
88%
1999 Doris Dragović Marija Magdalena
84%
2021 Albina Grčić Tick-Tock
82%
2022 Mia Dimšić Guilty Pleasure
73%
2017 Jacques Houdek My Friend
69%
2020 Damir Kedžo Divlji vjetre
67%
1998 Danijela Martinović Neka mi ne svane
65%
2002 Vesna Pisarović Sasvim sigurna (Everything I Want)
65%
1995 Magazin & Lidija Horvat-Dunjko Nostalgija
59%
2019 Roko Heroj (The Dream)
57%
2018 Franka Batelić Crazy
55%
2016 Nina Kraljić Lighthouse
55%
2005 Boris Novković feat. Lado Vukovi umiru sami
53%
1996 Maja Blagdan Sveta ljubav
51%
2012 Nina Badrić Nebo
51%
1994 Tony Cetinski Nek' ti bude ljubav sva
51%
2000 Goran Karan Kad zaspu anđeli
49%
2001 Vanna Strune ljubavi (Strings of My Heart)
45%
1993 Put Don't Ever Cry
43%
2003 Claudia Beni VIše nisam tvoja
39%
2010 Feminnem Lako je sve
37%
2008 Kraljevi ulice & 75 Cents Romanca
37%
2009 Igor Cukrov feat. Andrea Šušnjara Lijepa Tena
35%
2007 Dragonfly feat. Dado Topić Vjerujem u ljubav
33%
1997 E.N.I. Probudi me
31%
2004 Ivan Mikulić Daješ mi krila (You Are the Only One)
29%
2011 Daria Kinzer Lahor (Celebrate)
27%
2013 Klapa s mora Mižerja
25%
No matching quizzes found
Score Distribution
Percent of People with Each Score
Percentile by Number Answered
Your Score History
You have not taken this quiz since the last reset